| 000 | 00877nam a22002297a 4500 | ||
|---|---|---|---|
| 001 | 3731 | ||
| 003 | FISKH | ||
| 005 | 20240425103156.0 | ||
| 008 | 240425b cb ||||| |||| 00| 0 eng d | ||
| 020 | _a9772041315016 | ||
| 040 |
_aFISKH _beng _cFISKH _dFISKH |
||
| 082 | _a741.5 | ||
| 100 | _aPezzin, Giorgio | ||
| 110 | _aDisney | ||
| 245 | _aMickey and the mayflower treasure | ||
| 300 |
_a67 pages : _bcolor illustrations ; _c25 cm |
||
| 490 |
_aDisney Literature Classics _vBook 25 |
||
| 520 | _aMickey and company keep the literary tradition alive with two new tales : in Mickey and the Mayflower Treasure, Mickey is privy to a plot by bandits to rob the pilgrims. In The Great Aunt who invented Jeans, you will discover the story behind a revolutionary item of clothing. | ||
| 521 | 8 |
_a660
_bLexile estimate |
|
| 521 | 8 |
_aQ
_bRaz-Plus estimate |
|
| 942 |
_2ddc _cBK _n0 |
||
| 999 |
_c3731 _d3731 |
||